Géographie urbaine : Cours, études de cas, entraînements, méthodes commentées (notice n° 1566710)
[ vue normale ]
| 000 -LEADER | |
|---|---|
| fixed length control field | 01414cam a2200133 4500500 |
| 005 - DATE AND TIME OF LATEST TRANSACTION | |
| control field | 20251214002040.0 |
| 041 ## - LANGUAGE CODE | |
| Language code of text/sound track or separate title | fre |
| 042 ## - AUTHENTICATION CODE | |
| Authentication code | dc |
| 100 10 - MAIN ENTRY--PERSONAL NAME | |
| Personal name | Nédélec, Pascale |
| Relator term | author |
| 245 00 - TITLE STATEMENT | |
| Title | Géographie urbaine : Cours, études de cas, entraînements, méthodes commentées |
| 260 ## - PUBLICATION, DISTRIBUTION, ETC. | |
| Name of publisher, distributor, etc. | Armand Colin,<br/> |
| Date of publication, distribution, etc. | 2018.<br/> |
| 520 ## - SUMMARY, ETC. | |
| Summary, etc. | L’urbanisation de la planète se généralise, et les prévisions annoncent près de 70 % de citadins dans le monde à l’horizon 2050. Cet ouvrage analyse ce processus d’une ampleur inégalée, ses dynamiques et ses conséquences spatiales et sociales, et examine le rôle des villes et de leurs habitants dans les évolutions contemporaines des sociétés. Il s’organise en trois temps forts :• INTRODUCTION : questions essentielles, objectifs de connaissances par chapitre, lectures indispensables et notions clés à maîtriser.• COURS : savoirs fondamentaux assortis d’exemples localisés, de définitions et de focus thématiques, d’une page d’entraînement et d’une étude de cas mobilisant des documents géographiques.• MÉTHODES : méthodologie détaillée de chaque type d’exercice, avec son application commentée. Tous les corrigés et les compléments numériques sont disponibles dans la rubrique "ressources numériques". |
| 856 41 - ELECTRONIC LOCATION AND ACCESS | |
| Uniform Resource Identifier | <a href="https://shs.cairn.info/geographie-urbaine--9782200618568?lang=fr&redirect-ssocas=7080">https://shs.cairn.info/geographie-urbaine--9782200618568?lang=fr&redirect-ssocas=7080</a> |
Pas d'exemplaire disponible.




Réseaux sociaux